000
00332nam a2200145Ia 4500
008
230718s9999 xx 000 0 und d
041
_a
Eng.
082
_a
988
_b
COM-W
100
_a
Comory, Joan
245
0
_a
who's who in Jewish
260
_a
Pakistan
_b
oxford univelly fa
_c
1974
300
_a
407
650
_a
Law
999
_c
26054
_d
26054